[Event "81st ch-ESP Rapid 2016"]
[Site "Linares ESP"]
[Date "2016.08.14"]
[Round "5.31"]
[White "Jimenez Martinez, Jose Vicente"]
[Black "Somalo Fernandez, Millan"]
[Result "0-1"]
[WhiteTitle "FM"]
[WhiteElo "2329"]
[BlackElo "2064"]
[WhiteFideId "2264021"]
[BlackFideId "2229048"]
[EventDate "2016.08.14"]

1. d4 Nf6 2. c4 g6 3. Nc3 Bg7 4. e4 d6 5. f3 O-O 6. Be3 e5 7. d5 Nh5 8. Qd2 f5
9. exf5 gxf5 10. O-O-O a6 11. Be2 Nd7 12. Nh3 b5 13. g4 fxg4 14. fxg4 Nf4 15.
Nxf4 exf4 16. Bxf4 Ne5 17. c5 dxc5 18. d6 Be6 19. Qe3 cxd6 20. Ne4 Qa5 21. Nxd6
Rxf4 22. Qxf4 Qxa2 23. Qe4 Rf8 24. Nf5 Rxf5 25. gxf5 Bh6+ 26. Rd2 Bxd2+ 27. Kxd2
Qxb2+ 28. Ke3 Bc4 29. Qa8+ Kf7 30. Bh5+ Kf6 31. Qd8+ Kxf5 32. Qc8+ Kf6 33. Qxa6+
Kf5 34. Qc8+ Kf6 35. Qh8+ Ke6 36. Qe8+ Kf6 37. Qd8+ Kf5 38. Qc8+ Kf6 39. Qf8+
Nf7 40. Rf1+ Bxf1 41. Qxf7+ Kg5 42. Qd5+ Kh6 43. Qxc5 Qb3+ 44. Kf2 Bc4 45. Bf3
Qc2+ 46. Kg3 Qg6+ 47. Kf4 Qf6+ 48. Ke3 Qc3+ 49. Kf4 Qf6+ 50. Ke4 Qe6+ 51. Kd4
Qf6+ 52. Ke3 Qg5+ 53. Qxg5+ Kxg5 54. Kf2 Kh4 55. Be4 h6 56. Kg1 b4 57. Kf2 Ba2
58. Kg1 Bc4 59. Kf2 Kg4 60. Ke3 Kh3 61. Kd4 Be6 62. Kc5 b3 63. Kd6 Bg8 64. Ke7
b2 65. Kf6 Bd5 66. Bf5+ Kxh2 67. Kg6 Kg3 68. Kxh6 Kf4 69. Bb1 Ke3 70. Kg5 Kd2
71. Kf4 Kc1 72. Bh7 Bb3 73. Ke5 0-1

[Event "81st ch-ESP Rapid 2016"]
[Site "Linares ESP"]
[Date "2016.08.14"]
[Round "5.32"]
[White "Ortega Lopez, Mikel"]
[Black "Hernandez Estevez, Yudania"]
[Result "1-0"]
[WhiteTitle "FM"]
[BlackTitle "WIM"]
[WhiteElo "2299"]
[BlackElo "2232"]
[WhiteFideId "22252878"]
[BlackFideId "2219344"]
[EventDate "2016.08.14"]

1. e4 c6 2. Nc3 d5 3. Nf3 Bg4 4. h3 Bxf3 5. Qxf3 e6 6. d4 Nd7 7. Bd3 Bb4 8. Bd2
Qb6 9. exd5 cxd5 10. O-O Ngf6 11. Rae1 O-O 12. Qf4 Rfc8 13. a3 Bd6 14. Qh4 Nf8
15. f4 Ng6 16. Qf2 Ne7 17. Kh1 Bb8 18. b3 a6 19. g4 Qd6 20. Re2 Rc6 21. a4 Ba7
22. Rfe1 Rac8 23. f5 Rxc3 24. Bxc3 Rxc3 25. fxe6 Ng6 26. exf7+ Kxf7 27. g5 Bb8
28. gxf6 gxf6 29. Re6 Qf4 30. Bxg6+ Kxg6 31. Qxf4 Bxf4 32. R1e2 Rxh3+ 33. Kg2
Rg3+ 34. Kf2 h5 35. Re8 Kf5 36. Rd8 h4 37. Rxd5+ Kg4 38. Rd8 Rf3+ 39. Kg2 h3+
40. Kg1 Be3+ 41. Kh2 Bf4+ 42. Kg1 Be3+ 43. Kh2 Bf4+ 44. Kg1 Be3+ 45. Kh2 Bf4+
46. Kg1 Kg3 47. Rg8+ Bg5 48. d5 1-0

[Event "81st ch-ESP Rapid 2016"]
[Site "Linares ESP"]
[Date "2016.08.14"]
[Round "6.1"]
[White "Salgado Lopez, Ivan"]
[Black "Munoz, Miguel"]
[Result "0-1"]
[WhiteTitle "GM"]
[BlackTitle "GM"]
[WhiteElo "2651"]
[BlackElo "2451"]
[WhiteFideId "2257327"]
[BlackFideId "3800229"]
[EventDate "2016.08.14"]

1. e4 d5 2. exd5 Qxd5 3. Nc3 Qa5 4. Nf3 Nf6 5. d4 Bg4 6. h3 Bxf3 7. Qxf3 c6 8.
Be2 Nbd7 9. O-O e6 10. Rd1 Bd6 11. Ne4 Nxe4 12. Qxe4 Nf6 13. Qd3 O-O 14. Bf3
Rad8 15. Qb3 Rd7 16. Bd2 Qc7 17. c3 Bf4 18. Be1 Rfd8 19. g3 Bd6 20. Kg2 h5 21.
h4 g6 22. Bd2 Ne8 23. Qc4 Ng7 24. b4 Be7 25. Qe2 Nf5 26. Be4 Bf6 27. Bxf5 exf5
28. Bf4 Qc8 29. Re1 Re7 30. Qd2 Re4 31. f3 Re6 32. Rxe6 Qxe6 33. Re1 Qc4 34. Re3
Ra8 35. Qe2 Qxe2+ 36. Rxe2 a5 37. a3 axb4 38. axb4 Ra3 39. Rc2 Rb3 40. Kf2 Kf8
41. Ke2 Ke8 42. Kd3 Ra3 43. b5 Kd7 44. bxc6+ Kxc6 45. Bc1 Rb3 46. Kc4 Rb1 47.
d5+ Kd7 48. Bf4 b5+ 49. Kc5 Rb3 50. Ra2 Rxc3+ 51. Kxb5 Bd4 52. d6 f6 53. Ra8 Be5
54. Rg8 Rxf3 55. Rxg6 Kxd6 56. Rh6 Bxf4 57. gxf4 Rxf4 58. Rxh5 Ke6 59. Rh7 Re4
60. h5 f4 61. Rc7 Re5+ 62. Kc4 Rxh5 63. Kd3 Re5 64. Rg7 Kf5 65. Kd2 f3 66. Rg3
Kf4 67. Rh3 f2 0-1

[Event "81st ch-ESP Rapid 2016"]
[Site "Linares ESP"]
[Date "2016.08.14"]
[Round "6.2"]
[White "Vallejo Pons, Francisco"]
[Black "Del Rio De Angelis, Salvador G."]
[Result "1/2-1/2"]
[WhiteTitle "GM"]
[BlackTitle "GM"]
[WhiteElo "2713"]
[BlackElo "2522"]
[WhiteFideId "2205530"]
[BlackFideId "2203138"]
[EventDate "2016.08.14"]

1. e4 e6 2. d4 d5 3. Nc3 Bb4 4. e5 c5 5. a3 Ba5 6. Qg4 Ne7 7. Qxg7 Rg8 8. Qxh7
cxd4 9. b4 dxc3 10. bxa5 Nbc6 11. Nf3 Qc7 12. Bf4 Bd7 13. Bg3 O-O-O 14. Qd3 Qxa5
15. Be2 Nf5 16. O-O Qc5 17. Rab1 Nce7 18. Rb4 Nxg3 19. hxg3 Rxg3 20. Qd4 Qxd4
21. Nxd4 Rg5 22. f4 Rg3 23. Kf2 Rdg8 24. Bf3 Nc6 25. Nxc6 Bxc6 26. Rfb1 R3g6 27.
R1b3 f6 28. exf6 Rxf6 29. Rxc3 Rgf8 30. Ke3 Kc7 31. Rd4 Rh8 1/2-1/2

[Event "81st ch-ESP Rapid 2016"]
[Site "Linares ESP"]
[Date "2016.08.14"]
[Round "6.3"]
[White "Anton Guijarro, David"]
[Black "Vazquez Igarza, Renier"]
[Result "1/2-1/2"]
[WhiteTitle "GM"]
[BlackTitle "GM"]
[WhiteElo "2627"]
[BlackElo "2589"]
[WhiteFideId "2285525"]
[BlackFideId "3503054"]
[EventDate "2016.08.14"]

1. Nf3 Nf6 2. c4 c5 3. Nc3 g6 4. d4 cxd4 5. Nxd4 Nc6 6. g3 Bg7 7. Bg2 O-O 8. O-O
Nxd4 9. Qxd4 d6 10. Qd3 a6 11. Be3 Bf5 12. Qd2 Rb8 13. a4 Be6 14. b3 Qa5 15.
Rfb1 Rfc8 16. Bd4 Nd7 17. b4 Qd8 18. Bxg7 Kxg7 19. Qd4+ Nf6 20. Bd5 Bxd5 21.
Nxd5 e5 22. Qd3 Nxd5 23. Qxd5 Qc7 24. Rc1 Qc6 25. e4 Qxd5 26. cxd5 f5 27. f3 Kf6
28. Kf2 fxe4 29. fxe4 Ke7 30. Ke3 Kd7 1/2-1/2

[Event "81st ch-ESP Rapid 2016"]
[Site "Linares ESP"]
[Date "2016.08.14"]
[Round "6.4"]
[White "Ljubojevic, Ljubomir"]
[Black "Huerga Leache, Mikel"]
[Result "0-1"]
[WhiteTitle "GM"]
[BlackTitle "IM"]
[WhiteElo "2571"]
[BlackElo "2455"]
[WhiteFideId "900010"]
[BlackFideId "2268795"]
[EventDate "2016.08.14"]

1. c4 c5 2. Nf3 Nf6 3. Nc3 d5 4. cxd5 Nxd5 5. e4 Nb4 6. Bc4 Nd3+ 7. Ke2 Nf4+ 8.
Kf1 Ne6 9. b4 g6 10. bxc5 Bg7 11. Bb2 Nc6 12. Bd5 O-O 13. h4 Qa5 14. Kg1 Rd8 15.
h5 Qxc5 16. hxg6 hxg6 17. Na4 Qa5 18. Bxg7 Kxg7 19. d4 Nf4 20. Nc5 Qb5 21. Rh4
e5 22. Rxf4 exf4 23. Qd2 Ne7 24. a4 Qe8 25. Bxb7 Rb8 26. Bxc8 Rbxc8 27. Qxf4 Nc6
28. d5 Nd4 29. Nxd4 Rxc5 30. Nb5 Qe7 31. Qe3 Rc4 32. Nd4 Re8 33. f3 Qc5 34. Rd1
Qxd5 35. exd5 Rxe3 36. Nb5 Re7 37. a5 Rd7 38. a6 Rc5 0-1

[Event "81st ch-ESP Rapid 2016"]
[Site "Linares ESP"]
[Date "2016.08.14"]
[Round "6.5"]
[White "Aranda Marin, Cristian"]
[Black "Arizmendi Martinez, Julen Luis"]
[Result "0-1"]
[WhiteTitle "FM"]
[BlackTitle "GM"]
[WhiteElo "2350"]
[BlackElo "2496"]
[WhiteFideId "2205513"]
[BlackFideId "2205092"]
[EventDate "2016.08.14"]

1. d4 e6 2. c4 Nf6 3. g3 d5 4. Nf3 Be7 5. Bg2 O-O 6. Nbd2 c6 7. O-O b6 8. Qc2
Bb7 9. Rd1 Na6 10. b3 Rc8 11. Bb2 c5 12. dxc5 Nb4 13. Qc3 bxc5 14. cxd5 exd5 15.
e3 Re8 16. a3 Nc6 17. Rac1 Qb6 18. Qc2 Ba6 19. Bh3 Rb8 20. Bxf6 gxf6 21. Qf5 Bc8
22. Qh5 Bxh3 23. Qxh3 Ne5 24. Qh5 Qe6 25. h3 Bf8 26. Nh4 Qxh3 27. Ndf3 Rbd8 28.
Rc2 d4 29. exd4 cxd4 30. Nxe5 Rxe5 31. Qf3 Rde8 32. Rcc1 Bxa3 33. Rb1 Bc5 34.
Ng2 Rh5 35. Nf4 Qh2+ 36. Kf1 Qh1+ 37. Qxh1 Rxh1+ 38. Kg2 Rxd1 39. Rxd1 Rb8 40.
Rd3 Kf8 41. Kf3 Ke7 42. Ke4 Rb5 43. g4 Kd6 44. Rh3 Bb6 45. Nh5 Re5+ 46. Kd3 f5
47. g5 f4 48. Nxf4 Rxg5 49. Rxh7 Rf5 50. Ke4 Re5+ 51. Kd3 Rf5 52. Ke4 Re5+ 53.
Kd3 Re7 54. Rh5 Kc6 55. Rf5 Rd7 56. Kc4 Kd6 57. Nd5 Ke6 58. Rh5 Rd6 59. f4 Kd7
60. Rf5 Ke8 61. Nb4 f6 62. Rh5 Kf7 63. f5 Kg7 64. Nd3 Rc6+ 65. Kd5 Rc3 66. Nf4
d3 67. Rh1 d2 68. Ne6+ Kg8 69. Rd1 Be3 0-1

[Event "81st ch-ESP Rapid 2016"]
[Site "Linares ESP"]
[Date "2016.08.14"]
[Round "6.6"]
[White "Espinosa Aranda, Angel"]
[Black "Asis Gargatagli, Hipolito"]
[Result "1/2-1/2"]
[WhiteTitle "IM"]
[BlackTitle "IM"]
[WhiteElo "2422"]
[BlackElo "2487"]
[WhiteFideId "2278189"]
[BlackFideId "2260735"]
[EventDate "2016.08.14"]

1. e4 c5 2. Nf3 d6 3. Nc3 Nf6 4. e5 dxe5 5. Nxe5 a6 6. g3 Qc7 7. Qe2 Nc6 8. Nxc6
Qxc6 9. Rg1 e6 10. Bg2 Qc7 11. d3 h6 12. Bf4 Bd6 13. Bxd6 Qxd6 14. O-O-O O-O 15.
Ne4 Qe7 16. Qe3 Nxe4 17. dxe4 e5 18. f4 b6 19. fxe5 Qxe5 20. Qf4 Qe7 21. Rd6 b5
22. e5 Rb8 23. Bd5 Bb7 24. Bxb7 Rxb7 25. Rxa6 Re8 26. Re1 Ra7 27. Rxa7 Qxa7 28.
Kb1 Ra8 29. a3 b4 30. Qe3 Qa5 31. e6 fxe6 32. Qxe6+ Kh8 33. Qd7 bxa3 34. Re8+
Rxe8 35. Qxe8+ Kh7 36. Qe4+ Kh8 37. b3 a2+ 38. Ka1 Qa3 39. Qe8+ Kh7 40. Qe4+ Kg8
41. Qe8+ Kh7 42. Qe4+ 1/2-1/2

[Event "81st ch-ESP Rapid 2016"]
[Site "Linares ESP"]
[Date "2016.08.14"]
[Round "6.7"]
[White "Forcen Esteban, Daniel"]
[Black "Valles Moreno, Ivan"]
[Result "1-0"]
[WhiteTitle "GM"]
[BlackTitle "IM"]
[WhiteElo "2561"]
[BlackElo "2447"]
[WhiteFideId "2288230"]
[BlackFideId "2205688"]
[EventDate "2016.08.14"]

1. c4 g6 2. e4 Bg7 3. d4 d6 4. Nc3 Nf6 5. Nge2 Nc6 6. d5 Ne5 7. Ng3 h5 8. f4
Ned7 9. Bd3 h4 10. Nge2 h3 11. g3 c6 12. Be3 Ng4 13. Bg1 a5 14. Nd4 Nc5 15. Be2
Qb6 16. Qc2 a4 17. O-O-O Bd7 18. Kb1 O-O 19. Bf1 Rfc8 20. Bxh3 cxd5 21. Nxd5 Qd8
22. Qe2 Nf6 23. Bxd7 Qxd7 24. Nb6 Qc7 25. Nxa8 Rxa8 26. Nb5 Qc6 27. Bxc5 Qxc5
28. e5 dxe5 29. fxe5 Ne8 30. Rd5 Qc8 31. a3 e6 32. Rd4 Qc5 33. Re1 Nc7 34. Nxc7
Qxc7 35. h4 Qc5 36. Rd2 Rc8 37. h5 gxh5 38. Rd7 Qc6 39. Red1 Qxc4 40. Rd8+ Bf8 1-0

[Event "81st ch-ESP Rapid 2016"]
[Site "Linares ESP"]
[Date "2016.08.14"]
[Round "6.8"]
[White "Suarez Garcia, Carlos"]
[Black "Suarez Uriel, Adrian"]
[Result "1-0"]
[WhiteTitle "FM"]
[BlackTitle "FM"]
[WhiteElo "2426"]
[BlackElo "2311"]
[WhiteFideId "22230858"]
[BlackFideId "22230874"]
[EventDate "2016.08.14"]

1. d4 Nf6 2. c4 g6 3. g3 d5 4. cxd5 Nxd5 5. Bg2 Nb6 6. Nf3 Bg7 7. O-O Nc6 8. e3
O-O 9. Nc3 Re8 10. d5 Na5 11. Nd4 e5 12. dxe6 Bxe6 13. Nxe6 Qxd1 14. Rxd1 Rxe6
15. Rb1 Ree8 16. Bd2 Nac4 17. Be1 c6 18. b3 Na3 19. Rbc1 Red8 20. Kf1 Kf8 21.
Ke2 Ke8 22. Ne4 Bb2 23. Rxd8+ Rxd8 24. Rd1 Nd5 25. Nc5 b6 26. Nd3 Bf6 27. Nb4
Nb5 28. Bxd5 cxd5 29. Rxd5 Rxd5 30. Nxd5 Bd8 31. Kd3 Kd7 32. Nc3 Nxc3 33. Bxc3
b5 34. Bb4 Bb6 35. Bf8 Ke6 36. Kc3 Kd5 37. Kd3 h5 38. h3 Ke6 39. Bg7 a6 40. Bf8
Kd5 41. Ba3 Ba5 42. Bb2 Ke6 43. Bc3 Bb6 44. Bd4 Ba5 45. Ba7 Kd5 46. e4+ Kd6 47.
g4 hxg4 48. hxg4 Bd8 49. f4 Ke6 50. f5+ gxf5 51. gxf5+ Ke5 52. Bb8+ Kf6 53. Kd4
Kg5 54. Kd5 Kg4 55. Kc6 Ba5 1-0

[Event "81st ch-ESP Rapid 2016"]
[Site "Linares ESP"]
[Date "2016.08.14"]
[Round "6.9"]
[White "Rodriguez Guerrero, Enrique"]
[Black "Narciso Dublan, Marc"]
[Result "0-1"]
[BlackTitle "GM"]
[WhiteElo "2426"]
[BlackElo "2482"]
[WhiteFideId "2216892"]
[BlackFideId "2201500"]
[EventDate "2016.08.14"]

1. e4 e6 2. d4 d5 3. Nc3 Bb4 4. e5 b6 5. a3 Be7 6. Nce2 c5 7. c3 Ba6 8. f4 Nh6
9. Nf3 O-O 10. Be3 Nc6 11. b4 Rc8 12. g3 cxd4 13. cxd4 Bc4 14. Bh3 a5 15. bxa5
Nxa5 16. O-O Bb3 17. Qe1 Nc4 18. Bc1 Bc2 19. g4 Qd7 20. Ng3 Kh8 21. Qe2 Qa4 22.
f5 Ng8 23. g5 exf5 24. Nxf5 Rc7 25. Ng3 Bg6 26. Bf5 Qc6 27. Nh4 Bxf5 28. Nhxf5
Qe6 29. Nh5 g6 30. Nxe7 Rxe7 31. Nf6 Rc8 32. Rf4 Qh3 33. Nxd5 Rd7 34. Nf6 Nxf6
35. gxf6 Qc3 36. Rb1 Rxd4 37. Rf1 Nxe5 38. Bb2 Rg4+ 39. Qxg4 Qe3+ 40. Kg2 Rc2+
41. Kh1 Nxg4 0-1

[Event "81st ch-ESP Rapid 2016"]
[Site "Linares ESP"]
[Date "2016.08.14"]
[Round "6.10"]
[White "Ibarra Jerez, Jose Carlos"]
[Black "Anaya Lopez, Gonzalo Javier"]
[Result "1-0"]
[WhiteTitle "GM"]
[WhiteElo "2563"]
[BlackElo "1984"]
[WhiteFideId "2226332"]
[BlackFideId "22200053"]
[EventDate "2016.08.14"]

1. e4 e6 2. d4 d5 3. Nc3 Nf6 4. Bg5 dxe4 5. Nxe4 Be7 6. Bxf6 gxf6 7. Qd3 c6 8.
O-O-O b6 9. f4 f5 10. Nc3 Qc7 11. g3 Bb7 12. Bg2 Nd7 13. Nf3 O-O-O 14. Rhe1 Nf6
15. Ne5 Rhf8 16. Qe2 Bd6 17. Bf3 Rfe8 18. Qg2 Bxe5 19. dxe5 Nd5 20. Rd3 Nb4 21.
Rxd8+ Rxd8 22. a3 Nd5 23. Bxd5 exd5 24. Qh3 Qd7 25. Qxh7 d4 26. Rd1 Qe6 27. Qh4
f6 28. Ne2 fxe5 29. fxe5 Qxe5 30. Nxd4 Qe3+ 31. Kb1 c5 32. Qxd8+ 1-0

[Event "81st ch-ESP Rapid 2016"]
[Site "Linares ESP"]
[Date "2016.08.14"]
[Round "6.11"]
[White "Diaz Velandia, Jose Manuel"]
[Black "Matamoros Franco, Carlos S."]
[Result "1/2-1/2"]
[WhiteTitle "FM"]
[BlackTitle "GM"]
[WhiteElo "2343"]
[BlackElo "2488"]
[WhiteFideId "3901939"]
[BlackFideId "3600017"]
[EventDate "2016.08.14"]

1. d4 Nf6 2. Nf3 g6 3. e3 Bg7 4. Bd3 O-O 5. O-O d5 6. Nbd2 c5 7. c3 Nbd7 8. Ne5
Nxe5 9. dxe5 Ng4 10. Nf3 Nxe5 11. Nxe5 Bxe5 12. f4 Bg7 13. e4 e6 14. e5 Bd7 15.
Be3 b6 16. Rf3 Bc6 17. Rh3 d4 18. cxd4 cxd4 19. Bf2 Qd5 20. Qg4 f5 21. exf6 Rxf6
22. Rf3 Raf8 23. Rc1 Rxf4 24. Rxf4 Rxf4 25. Qg3 Rf8 26. Qg4 Qd6 27. h4 e5 28.
Bg3 Bd7 29. Qg5 Bf5 30. Bc4+ Kh8 31. Kh2 Qd7 32. Bb3 Re8 33. h5 gxh5 34. Ba4 b5
35. Bxb5 Qxb5 36. Qxf5 Qb8 37. Rc4 Qd8 38. Qxh5 Re6 39. Qf7 Qe8 40. Qf5 e4 41.
Rc7 e3 42. Qg5 Rh6+ 43. Kg1 Rg6 44. Qf5 Re6 45. Qg5 Rg6 46. Qf5 Re6 47. Qg5 1/2-1/2

[Event "81st ch-ESP Rapid 2016"]
[Site "Linares ESP"]
[Date "2016.08.14"]
[Round "6.12"]
[White "Alonso Rosell, Alvar"]
[Black "Latorre, Manuel"]
[Result "1-0"]
[WhiteTitle "GM"]
[BlackTitle "FM"]
[WhiteElo "2524"]
[BlackElo "2298"]
[WhiteFideId "2270544"]
[BlackFideId "3700844"]
[EventDate "2016.08.14"]

1. Nf3 Nf6 2. c4 g6 3. Nc3 Bg7 4. e4 d6 5. d4 O-O 6. h3 c5 7. d5 e6 8. Bd3 exd5
9. exd5 Re8+ 10. Be3 Bh6 11. O-O Bxe3 12. fxe3 Nbd7 13. e4 Nh5 14. Qd2 Ne5 15.
Nxe5 Rxe5 16. Rf3 Bd7 17. Raf1 Qe7 18. Rxf7 Qxf7 19. Rxf7 Kxf7 20. Qh6 Nf6 21.
Nb1 g5 22. Be2 Rg8 23. Bh5+ Ke7 24. Nd2 g4 25. hxg4 Bxg4 26. Bxg4 Rxg4 27. Nf3
Rexe4 28. Ng5 Re2 29. Qg7+ Kd8 30. Qxf6+ 1-0

[Event "81st ch-ESP Rapid 2016"]
[Site "Linares ESP"]
[Date "2016.08.14"]
[Round "6.13"]
[White "Almagro Llamas, Pablo"]
[Black "Jimenez Almeida, Luis David"]
[Result "1-0"]
[WhiteTitle "IM"]
[WhiteElo "2436"]
[BlackElo "2212"]
[WhiteFideId "2221799"]
[BlackFideId "22242244"]
[EventDate "2016.08.14"]

1. d4 Nf6 2. Nf3 g6 3. c4 Bg7 4. Nc3 d5 5. Qb3 dxc4 6. Qxc4 a6 7. e4 b5 8. Qb3
c5 9. e5 Be6 10. exf6 Bxb3 11. fxg7 Rg8 12. axb3 Nc6 13. d5 Na5 14. Nd2 f6 15.
Be2 Kf7 16. O-O Kxg7 17. Bf3 Rb8 18. Ne2 g5 19. Re1 Qb6 20. Ng3 Rb7 21. Re6 Qd8
22. Rxa6 g4 23. Bxg4 Nxb3 24. Nxb3 Qxd5 25. Be6 Qd1+ 26. Nf1 Rd8 27. Nxc5 Rc7
28. b4 Qd4 29. Bh3 Rxc5 30. bxc5 b4 31. Be3 Qd3 32. c6 b3 33. Rb6 f5 34. c7 Rc8
35. Rb7 Qd5 36. Raa7 Qe5 37. g3 b2 38. Nd2 Qc3 39. Bxf5 Qc1+ 40. Nf1 Rf8 41.
c8=Q Rxc8 42. Bxc8 Qxc8 43. Rxb2 Kf6 44. Rbb7 Qc4 45. Rxe7 h5 46. h4 Qd3 47.
Rf7+ Kg6 48. Rg7+ Kf6 49. Raf7+ Ke5 50. Rf4 Qe2 51. Rg5+ Ke6 52. Rff5 1-0

[Event "81st ch-ESP Rapid 2016"]
[Site "Linares ESP"]
[Date "2016.08.14"]
[Round "6.14"]
[White "Matnadze, Ana"]
[Black "Domingo Nunez, Alejandro"]
[Result "1/2-1/2"]
[WhiteTitle "IM"]
[BlackTitle "FM"]
[WhiteElo "2355"]
[BlackElo "2344"]
[WhiteFideId "13601377"]
[BlackFideId "22245561"]
[EventDate "2016.08.14"]

1. d4 Nf6 2. Nf3 g6 3. g3 Bg7 4. Bg2 O-O 5. O-O d6 6. c4 Nbd7 7. Nc3 c5 8. d5 a6
9. Rb1 Ne8 10. Qc2 Nc7 11. b3 b5 12. Bb2 Rb8 13. Nd2 bxc4 14. bxc4 a5 15. Ba1
Ba6 16. Rxb8 Qxb8 17. Rb1 Qa7 18. Qa4 Ne5 19. Qxa5 Ra8 20. Nb5 Nxc4 21. Nxa7
Nxa5 22. Bxg7 Kxg7 23. Nc6 Nxc6 24. dxc6 Bb5 25. Bd5 Nxd5 26. Rxb5 Rc8 27. e4
Nb4 28. e5 Rxc6 29. exd6 exd6 30. a3 Nc2 31. Nc4 Ra6 32. Rb3 d5 33. Ne5 Nxa3 34.
Rb7 Rf6 35. Ra7 Nc2 36. Ra5 c4 37. Rxd5 Ra6 38. Nxc4 Ra1+ 39. Kg2 Ne1+ 40. Kh3
Nf3 41. Rd3 Ng5+ 1/2-1/2

[Event "81st ch-ESP Rapid 2016"]
[Site "Linares ESP"]
[Date "2016.08.14"]
[Round "6.15"]
[White "Lopez Gonzalez, Daniel"]
[Black "Pardo Simon, David"]
[Result "0-1"]
[BlackTitle "IM"]
[WhiteElo "2279"]
[BlackElo "2492"]
[WhiteFideId "2231948"]
[BlackFideId "2296276"]
[EventDate "2016.08.14"]

1. d4 d6 2. c4 e5 3. Nf3 e4 4. Ng5 f5 5. Nc3 Nf6 6. Nh3 c6 7. Bg5 Be7 8. Nf4 O-O
9. e3 h6 10. Bxf6 Bxf6 11. h4 Re8 12. h5 Na6 13. Be2 Nc7 14. Qb3 Rb8 15. O-O-O
Ne6 16. g3 Nxf4 17. gxf4 Be6 18. Qa3 Qc7 19. Kb1 a6 20. c5 dxc5 21. dxc5 b5 22.
cxb6 Qxb6 23. Na4 Qa5 24. Rhg1 Bxb2 0-1

[Event "81st ch-ESP Rapid 2016"]
[Site "Linares ESP"]
[Date "2016.08.14"]
[Round "6.16"]
[White "Andres Gonzalez, Alberto"]
[Black "Semenova, Elena1"]
[Result "1-0"]
[WhiteTitle "IM"]
[BlackTitle "WIM"]
[WhiteElo "2512"]
[BlackElo "2256"]
[WhiteFideId "2212595"]
[BlackFideId "24125148"]
[EventDate "2016.08.14"]

1. c4 f5 2. Nc3 Nf6 3. g3 g6 4. Bg2 Bg7 5. d4 d6 6. Nh3 O-O 7. O-O c6 8. b3 e5
9. dxe5 dxe5 10. Ba3 Qxd1 11. Raxd1 Re8 12. e4 fxe4 13. Ng5 Bg4 14. Rde1 Na6 15.
Ngxe4 Nxe4 16. Nxe4 Red8 17. Be7 Rd4 18. Nf6+ Kf7 19. Nxg4 Kxe7 20. Nxe5 Kf8 21.
Nf3 Rd7 22. Bh3 Re7 23. Rxe7 Kxe7 24. Re1+ Kf6 25. Re6+ Kf7 26. Ng5+ Kg8 27. Re7
Nc5 28. Be6+ Nxe6 29. Nxe6 Bf6 30. Rxb7 Re8 31. Nf4 Bd4 32. Kf1 Bb6 33. h4 Rd8
34. c5 Ba5 35. b4 1-0

[Event "81st ch-ESP Rapid 2016"]
[Site "Linares ESP"]
[Date "2016.08.14"]
[Round "6.18"]
[White "Garcia Molina, Francisco Miguel"]
[Black "Valmana Canto, Jaime"]
[Result "1-0"]
[BlackTitle "FM"]
[WhiteElo "2166"]
[BlackElo "2389"]
[WhiteFideId "2278219"]
[BlackFideId "2268990"]
[EventDate "2016.08.14"]

1. d4 Nf6 2. Nf3 g6 3. e3 Bg7 4. b3 O-O 5. Bb2 d6 6. Be2 Nc6 7. c4 e5 8. dxe5
Ng4 9. O-O Ngxe5 10. Nc3 Bd7 11. Qd2 a6 12. Rad1 Rb8 13. Nxe5 Nxe5 14. f4 Ng4
15. Bf3 Re8 16. Rfe1 Qh4 17. g3 Qh3 18. Nd5 Bc6 19. Bxg7 Bxd5 20. Bxg4 Qxg4 21.
cxd5 Kxg7 22. Rc1 Re7 23. e4 Rbe8 24. Qd4+ Kg8 25. Rc3 h5 26. Kg2 h4 27. h3 Qh5
28. g4 Qh8 29. Qxh8+ Kxh8 30. Rce3 f6 31. Kf3 Kg7 32. Rc3 f5 33. gxf5 gxf5 34.
e5 dxe5 35. fxe5 Rxe5 36. Rxc7+ Kf6 37. Rxe5 Kxe5 38. Rxb7 Rg8 39. Re7+ Kd6 40.
Re6+ Kxd5 41. Rxa6 Ke5 42. Ra5+ Kf6 43. Kf4 Rg3 44. Rxf5+ Ke6 45. Re5+ Kd6 46.
Re3 Rg2 47. a4 Kc5 48. Kf3 Rg1 49. Re5+ Kd6 50. Re3 Kc5 51. Kf4 Kb4 52. Ke4 Rg5
53. Kf3 Kc5 54. b4+ Kxb4 55. Re4+ Ka5 56. Rxh4 Rg8 57. Re4 Rg1 58. h4 Rg8 59.
Kf4 Rh8 60. Kg5 Rg8+ 61. Kf6 Rh8 62. Kg6 Rg8+ 63. Kh7 Rg1 64. h5 Kb6 65. h6 Ka5
66. Re6 Kxa4 67. Rg6 Rd1 68. Kg7 Rd7+ 69. Kg8 Rd8+ 70. Kf7 Rd7+ 71. Ke6 Ra7 72.
Kf6 Ra6+ 73. Kg5 Ra5+ 74. Kg4 Ra8 75. h7 Rh8 76. Rg7 Kb5 77. Kg5 Kc6 78. Kg6 Kd5 1-0

[Event "81st ch-ESP Rapid 2016"]
[Site "Linares ESP"]
[Date "2016.08.14"]
[Round "6.19"]
[White "Cruz Lledo, Pablo"]
[Black "Ramirez Medina, Victor"]
[Result "0-1"]
[WhiteTitle "FM"]
[WhiteElo "2414"]
[BlackElo "2209"]
[WhiteFideId "2297361"]
[BlackFideId "22286942"]
[EventDate "2016.08.14"]

1. d4 Nf6 2. c4 e6 3. Nc3 d5 4. cxd5 exd5 5. Bg5 Be7 6. e3 c6 7. Bd3 O-O 8. Nge2
Nbd7 9. Qc2 b6 10. O-O Bb7 11. Rad1 Re8 12. Ng3 g6 13. f3 c5 14. Qf2 c4 15. Bb1
Bf8 16. e4 h6 17. Bxf6 Nxf6 18. e5 Nh7 19. f4 f5 20. Rfe1 Bg7 21. Nf1 Nf8 22.
Ne3 Ne6 23. g4 fxg4 24. Bxg6 Rf8 25. f5 Ng5 26. Nxg4 Nh3+ 27. Kh1 Nxf2+ 28. Nxf2
Qh4 29. Kg2 Qg5+ 30. Kh1 Rxf5 31. Bxf5 Qxf5 32. Rd2 Kh7 33. Re3 Rg8 34. Nb5 Qb1+
35. Kg2 Bf8+ 0-1

[Event "81st ch-ESP Rapid 2016"]
[Site "Linares ESP"]
[Date "2016.08.14"]
[Round "6.20"]
[White "Alvarado Diaz, Alejandro"]
[Black "Silva Lucena, Cristian"]
[Result "1-0"]
[WhiteTitle "IM"]
[WhiteElo "2441"]
[BlackElo "2230"]
[WhiteFideId "2276119"]
[BlackFideId "2232588"]
[EventDate "2016.08.14"]

1. g3 d5 2. Bg2 e6 3. Nf3 c5 4. c4 d4 5. b4 cxb4 6. a3 Nc6 7. O-O Nf6 8. d3 Nd7
9. axb4 Bxb4 10. Ba3 Bxa3 11. Nxa3 O-O 12. Nd2 Nc5 13. Ne4 Nxe4 14. Bxe4 a5 15.
Qb3 Nb4 16. Rfb1 Ra6 17. Nc2 Nxc2 18. Qxc2 b6 19. c5 bxc5 20. Qxc5 a4 21. Rb4
Qa5 22. Qxa5 Rxa5 23. Raxa4 Rxa4 24. Rxa4 Rd8 25. f4 f5 26. Bf3 Kf7 27. Ra7+ Rd7
28. Ra8 Bb7 29. Bxb7 Rxb7 30. Rd8 Rb4 31. Rd7+ Kf6 32. Kf2 h6 33. Kf3 Ra4 34. h3
Rb4 35. g4 Ra4 36. h4 Rb4 37. g5+ hxg5 38. hxg5+ Kg6 39. Re7 Rb6 40. Rd7 Rb4 41.
Kf2 Ra4 42. Rc7 Ra6 43. Rd7 Ra4 44. Re7 Ra6 45. Ke1 Ra1+ 46. Kf2 Ra6 47. Kf3 Rb6
48. Ra7 Rd6 49. Re7 Rb6 50. Rd7 Rb4 51. Kf2 Ra4 52. Rc7 Rb4 53. Rc4 Rxc4 54.
dxc4 Kf7 55. e3 e5 56. fxe5 dxe3+ 57. Kxe3 Ke6 58. Kd4 g6 59. c5 Kd7 60. Kd5 Ke7
61. c6 Ke8 62. e6 1-0